000 00720nas a2200241 4500
001 BR8705875
003 BR-BrBNA
005 20231205090818.0
007 ta
008 230509b bl.|||p| |||| 00| 00por d
040 _aBR-BrBNA
_bpor
_cBiblioteca Nacional de Agricultura
041 _a(Pt)
072 _aF50; F70
100 1 _aFerreira, H.M.
100 1 _aAbreu, C.L.B. de
245 1 _aEmmotum faia Kuhlmann Icacinaceae
650 _aARVORE ANGIOSPERMA
650 _aANATOMIA VEGETAL
650 _aTAXONOMIA VEGETAL
773 0 _tArquivos do Jardim Botanico do Rio de Janeiro (Brazil)
_xISSN 0373-1863
_g(1982), v. 26 p. 45-47
_wBR8705875
909 _a202311
_bLúcia
_c55
_dLúcia Elande
942 _2AGRIS
_n0
_cANA
999 _c121012
_d121012